00678nam a22001575i 4500001000700000003000900007005001700016008004100033040002700074100002700101245006600128260007700194300002200271500011000293852011700403164428ES-MaACL20230906212932.0951113s1894 sp |||| | spa d aCLM bspa cCCPB | SIC1 aSalcedo Ruiz, Ángel.13aEl socialismo del campo / cescrita por Angel Salcedo y Ruiz. aMadrid : b[s.n.], c1894 (fImprenta y Litografía de los Huérfanos) a112 p. ; c27 cm. 1aMemoria premiada por la Real Academia de Ciencias Morales y Políticas en el concurso ordinario de 1893. aES-MaACLjF-M-III-O (IX) z-- Enc. pasta española q-- Falto de la cub. original z-- Enc. en un vol. facticio